| 000 | 01187nam0a22002651 4500 | ||
|---|---|---|---|
| 001 | rc\55072 | ||
| 005 | 20021216125520.5 | ||
| 035 | _a(NLR Aleph) 005332563 | ||
| 090 |
_a6607355 _c6607355 |
||
| 100 | _a20021216d1996 u |0rusy50 ca | ||
| 101 | 0 | _arus | |
| 102 | _aRU | ||
| 105 | _aa ||||||||| | ||
| 200 | 1 |
_aЗадачи и упражнения по линии связи _eУчеб. пособие по спец. "Сети связи и системы коммутации" и "Многокан. телекоммуникац. системы" _fВ.С. Иванов, Л.Н. Кочановский, В.П. Пуккин _gМ-во связи. С.-Петерб. гос. ун-т телекоммуникаций им. проф. М.А. Бонч-Бруевича |
|
| 210 |
_aСПб. _cСПбГУТ _d1996 |
||
| 215 |
_a80 с., [3] л. ил. _d21 |
||
| 320 | _aБиблиогр.: с. 79 | ||
| 700 | 1 |
_aИванов _bВ. С. _gВладимир Степанович |
|
| 701 | 1 |
_aКочановский _bЛ. Н. _gЛев Николаевич |
|
| 701 | 1 |
_aПуккин _bВ. П. |
|
| 801 | 0 |
_aRU _bNLR _gpsbo |
|
| 801 | 1 |
_aRU _bELAR _2rusmarc |
|
| 852 |
_aNLR _j96-4/9018 |
||
| 942 | _cBOOK | ||
| 980 | _aNB | ||